Statistics for Favourite UK Biscuits - Picture Quiz

Click here to take the quiz!

General Stats

  • This quiz has been taken 407 times
  • The average score is 10 of 12

Answer Stats

Answer% Correct
Bourbon
98%
Custard cream
96%
Shortbread
96%
Digestive
94%
Rich tea
94%
Jaffa cake
93%
Jammie dodger
92%
Lotus Biscoff
89%
Chocolate digestive
88%
Ginger nut
88%
Hobnob
73%
Chocolate hobnob
43%

Score Distribution

Percentile by Number Answered

Percent of People with Each Score

Your Score History

You have not taken this quiz